| 000 | 00969cam a2200205 4500 | ||
|---|---|---|---|
| 001 | WB3820-10 | ||
| 008 | 020531n2002 000 0 eng u | ||
| 035 | _a(Sirsi) u118275 | ||
| 245 | _aViews invited on sustainable development strategy | ||
| 260 | _c2002 | ||
| 490 |
_aRICS Environment Faculty News _v 31 May 2002 (1) |
||
| 520 | _aThe Department of Transport Local Government and the Regions (DTLR) has asked for feedback on its new draft sustainable development strategy. The aim of the strategy is to ensure that the DTLR is adhering to sustainable development across its range of activities. The consultation period ends 17 June 2002. Links to the relevant publications available at www.rics.org/ricscms/bin/show?class=News&template=/includes/shownews.html&id=2706 | ||
| 590 | _aWB | ||
| 650 | _aDTLR | ||
| 650 | _aCONSULTATION | ||
| 650 | _aSUSTAINABLE DEVELOPMENT | ||
| 650 | _aSTRATEGY | ||
| 690 | _aENVIRONMENTAL AND LAND CONSULTANCY | ||
| 942 | _n0 | ||
| 999 |
_c70411 _d70411 |
||